Applied EI : the importance of attitudes in developing emotional intelligence

Bibliographic Details
Main Author: Sparrow, Tim
Other Authors: Knight, Amanda
Format: Book
Published: England : Jossey-Bass , 2006
Subjects:

MARC

LEADER 00000cam a2200000 7i4500
001 0000021512
005 20080516.0
008 071205
020 |a 0470032731 
040 |a INS 
090 0 0 |a HF5549.C53   |b S67 2006 
100 1 |a Sparrow, Tim 
245 1 0 |a Applied EI :   |b the importance of attitudes in developing emotional intelligence   |c Tim Sparrow and Amanda Knight 
260 |a England :   |b Jossey-Bass ,   |c 2006 
300 |a xiv, 312p. :   |b ill. ;   |c 23cm. 
500 |a Includes index 
650 0 0 |a Adaptability (Psychology) 
650 0 0 |a Attitude (Psychology) 
650 0 0 |a Emotional intelligence   |x Study and teaching 
650 0 0 |a Employees   |x Coaching of 
650 0 0 |a Management   |x Psychological aspects 
700 1 |a Knight, Amanda 
999 |a 0000019965   |b BOOK   |c Open Shelf   |e Default branch